000 00411pab a2200157 454500
008 180718b1997 xxu||||| |||| 00| 0 eng d
100 _aSinha, A.C.
245 _aThe predicament of police personnel in Meghalaya
260 _c1997
300 _ap.1-4
362 _aOct-Dec
650 _aPolice - India - Meghalaya
650 _aPolice
773 _aPolice Research and Development Journal
909 _a37216
999 _c37216
_d37216